Normal view
MARC view
- الشوابكة،عدنان عواد
Entry Personal Name
001 - CONTROL NUMBER
- control field: 30254
003 - CONTROL NUMBER IDENTIFIER
- control field: JO-AjAnu
005 - DATE AND TIME OF LATEST TRANSACTION
- control field: 20230606075115.0
008 - FIXED-LENGTH DATA ELEMENTS
- fixed length control field: 230606|| aca||aabn | a|a d
040 ## - CATALOGING SOURCE
- Original cataloging agency: JO-AjAnu
- Transcribing agency: JO-AjAnu
100 ## - HEADING--PERSONAL NAME
- Personal name: الشوابكة،عدنان عواد
670 ## - SOURCE DATA FOUND
- Source citation: Work cat.: (JO-AjAnu)15540: الشوابكة،عدنان عواد, author, دور نظم وتكنولوجيا المعلومات في اتخاذ القرارات الادارية